000
00263nam a22001097a 4500
008
170117b xxu||||| |||| 00| 0 eng d
020
_a
0874345952
041
_a
eng
080
_a
618.2
245
_a
HANDBOOK OF MEDICAL-SURGICAL NURSING
_c
BECK, M.L
942
_2
udc
_c
BK
999
_c
3019
_d
3019